La leyenda del algarrobo /

Al Zorro, que siempre fue muy vivo, le llamó la atención ver al hombre tan contento. Lo siguió, escondiéndose entre los árboles, y le oyó decir: "¡Ah, qué hambre! ¡Ahora me voy a dar un atracón de algarrobas". El Zorro pensó "¡Eso es lo que come!" y lo siguió más de cerca todavía...

Descripción completa

Guardado en:
Autor Principal: Palermo, Miguel Ángel.
Otros Autores: Prada, Marta., De Piero, Al; il., Fernández, Luciana; il.
Formato: Libro
Idioma:Undetermined
Publicado: Buenos Aires : Sudamericana, 2003.
Edición:1a ed.
Series:Cuentamérica naturaleza / Gigliola Zecchin
Materias:
Etiquetas: Agregar Etiqueta
Sin Etiquetas, Sea el primero en etiquetar este registro!
LEADER 01193nam a22002415a 4500
001 CEM.cems021284
008 240705s2003####ag############000#0#und#d
005 20240705152241.0
245 1 0 |a La leyenda del algarrobo /  |c Miguel Ángel Palermo y Marta Prada ; ilustrado por Al De Piero y Luciana Fernández. 
250 |a 1a ed. 
260 |a Buenos Aires :  |b Sudamericana,  |c 2003. 
300 |a 32 p. 
490 1 |a Cuentamérica naturaleza / Gigliola Zecchin 
500 |a Edad sugerida: a partir de 4 años. 
520 |a Al Zorro, que siempre fue muy vivo, le llamó la atención ver al hombre tan contento. Lo siguió, escondiéndose entre los árboles, y le oyó decir: "¡Ah, qué hambre! ¡Ahora me voy a dar un atracón de algarrobas". El Zorro pensó "¡Eso es lo que come!" y lo siguió más de cerca todavía. Al fin llegaron hasta un arroyo donde había un monte con unos árboles que él nunca había visto... 
020 |a 9500723220 
100 1 |a Palermo, Miguel Ángel. 
700 1 |a Prada, Marta. 
700 1 |a De Piero, Al; il. 
700 1 |a Fernández, Luciana; il. 
653 |a Mitos 
653 |a Leyendas 
859 |a CEMS  |b BIB. CEMS - Inicial y Primaria  |h 398.2  |i P174-6  |k IP  |p 4943  |t Ej.1